| 000 | 00592nam a2200217Ia 4500 | ||
|---|---|---|---|
| 005 | 20241129111216.0 | ||
| 008 | 241129s9999||||xx |||||||||||||| ||und|| | ||
| 020 | _a978-93-5435-849-4 | ||
| 037 | _aTB | ||
| 040 |
_aCRL _beng _cCRL |
||
| 041 |
_aeng _2eng |
||
| 084 |
_aQ:(Y), R2 _qCRL |
||
| 100 |
_aFenn Richard K Au. _9723646 |
||
| 245 | 0 |
_aKey thinkers in the sociology of religion _cFenn Richard K Au. |
|
| 260 |
_aNew Delhi, India _bBloomsbury _c2022 |
||
| 300 | _a250p. | ||
| 365 |
_aINR _b699 |
||
| 650 | _aReligion | ||
| 942 |
_cTB _hQ:(Y), R2 |
||
| 999 |
_c1229390 _d1229390 |
||